Mikropočítače, programy, ľudia /

Salvato in:
Dettagli Bibliografici
Autori principali: Burger, Ivan (Autore), Návrat, Pavol, 1952- (Autore)
Natura: Libro
Lingua:slovacco
Pubblicazione: Bratislava : Smena, 1986
Edizione:1.vyd.
Soggetti:
Tags: Aggiungi Tag
Nessun Tag, puoi essere il primo ad aggiungerne!!

MARC

LEADER 00000nam a22000003a 4500
001 stu35039
005 20150617225729.5
008 920406s1986----cs------------------slo-d
040 |a STU  |b slo 
041 0 |a slo 
044 |a cs 
080 |a 681.3 
100 1 |a Burger, Ivan  |4 aut 
245 1 |a Mikropočítače, programy, ľudia /  |c [aut.]Ivan Burger, Pavol Návrat 
250 |a 1.vyd. 
260 |a Bratislava :  |b Smena,  |c 1986 
300 |a 219 s 
650 7 |a mikropočítače  |2 stusub 
650 7 |a publ.popul.náučné  |2 stusub 
700 1 |a Návrat, Pavol,  |d 1952-  |4 aut  |u I200  |U FIIT Fakulta informatiky a informačných technológií  |T FIIT Ústav informatiky a softvérového inžinierstva  |X 4660  |U I200  |Y 179  |7 4660 
996 |b 284M046053  |c M*773-1  |l MMKN  |s A  |a 24  |w stu35039_0001 
996 |b 284M046054  |c M*773-2  |l MMKN  |s A  |a 24  |w stu35039_0002